000 00599nam a2200205Ia 4500
003 OSt
005 20250424094841.0
008 220927b |||||||| |||| 00| 0 eng d
020 _a9781620557297
040 _aSDCL
_cSDCL
_beng
041 _2eng
_aeng
084 _aS Q8 LR
100 _aMartel, Anadi
_9466246
245 0 _aLight therapies :
_bA complete guide to the healing power of light
260 _aRochester :
_bSimon Schuster,
_c2018.
300 _axvi,368p.
650 _aReference
942 _cGB
_2CC
_n0
999 _c779107
_d779107